Very little appetite for a change in tenure (Record no. 81524)

MARC details
000 -LEADER
fixed length control field 01152cab a22002175a 4500
001 - CONTROL NUMBER
control field L147396
008 - FIXED-LENGTH DATA ELEMENTS--GENERAL INFORMATION
fixed length control field 090508e20090502xxk f v 000 0 eng d
035 ## - SYSTEM CONTROL NUMBER
System control number (Sirsi) u147396
041 0# - LANGUAGE CODE
Language code of text/sound track or separate title eng
100 1# - MAIN ENTRY--PERSONAL NAME
Personal name Dowden, Malcolm
245 00 - TITLE STATEMENT
Title Very little appetite for a change in tenure
260 ## - PUBLICATION, DISTRIBUTION, ETC.
Date of publication, distribution, etc. 2009
490 #0 - SERIES STATEMENT
Series statement Estates Gazette
Volume/sequential designation (0917) 2 May 2009, 98(1)
520 ## - SUMMARY, ETC.
Summary, etc. Considers whether ownership of a commonhold unit is preferable to a lease because it is not a wasting asset. With reference to jurisdictions where commonhold regimes are well established, explains the possible lack of security where a majority vote can force a sale and terminate the commonhold. Highlights the potential risks for mortgagees and lenders. Assesses the effectiveness of commonhold community statements allowed under the Commonhold and Leasehold Reform Act 2002 s.47.
590 ## - LOCAL NOTE (RLIN)
Local note KA
650 24 - SUBJECT ADDED ENTRY--TOPICAL TERM
Topical term or geographic name entry element COMMONHOLD AND LEASEHOLD REFORM ACT 2002 S47
650 24 - SUBJECT ADDED ENTRY--TOPICAL TERM
Topical term or geographic name entry element COMMONHOLD (LAND REGISTRATION) RULES 2004
651 #4 - SUBJECT ADDED ENTRY--GEOGRAPHIC NAME
Geographic name England and Wales
Chronological subdivision 1543-
690 ## - LOCAL SUBJECT ADDED ENTRY--TOPICAL TERM (OCLC, RLIN)
Topical term or geographic name as entry element PROPERTY-COMMERCIAL PROPERTY-LEASEHOLD COMMERCIAL PROPERTY-COMMERCIAL LANDLORD AND TENANT
942 ## - ADDED ENTRY ELEMENTS (KOHA)
Suppress in OPAC 0
Holdings
Withdrawn status Lost status Source of classification or shelving scheme Damaged status Not for loan Home library Current library Shelving location Date acquired Total Checkouts Full call number Barcode Date last seen Copy number Price effective from Koha item type
    Dewey Decimal Classification     London London Journal article 08/05/2009   L147396 147396-1001 06/08/2019 1 06/08/2019 Journal article